Παγκόσμια ιστορία : επίτομο χρονικό ; National Geographic

Saved in:
Bibliographic Details
Main Author: Daniels, Patricia, 1955-
Corporate Author: National Geographic Society (U.S.)
Other Authors: Hyslop, Stephen G.
Format: Book
Language:Greek
Subjects:
Tags: Add Tag
No Tags, Be the first to tag this record!

MARC

LEADER 00000cam a2200000 i 4500
001 1/39670
008 061222s2003 gr | ||| |||| ||gre||
020 |a 9608380413 
035 |l 10086645 
040 |a GR-MY-UA  |b gre  |e aacr 
041 0 |a gre 
082 7 |a 909   |2 (22) 
100 1 |a Daniels, Patricia,   |d 1955- 
245 1 0 |a Παγκόσμια ιστορία :   |b επίτομο χρονικό ; National Geographic /   |c Πατρίτσια Σ. Ντάνιελς, Στέφεν Γκ.Χίσλοπ ; πρόλογος: Ντάγκλας Μπρίνκλεϊ.  
300 |a 3 τ. :   |b εγχρ. φωτ. ;   |c 23 εκ. 
500 |a Συνοδευτικό του National Geographic Φεβρουάριος 2006τ. Νο2 (τ.1), Μάρτιος 2006τ.16 Νο3(τ.2), Απρίλιος 2006τ. 16 Νο4(τ.3) 
650 0 0 |a World history. 
650 0 0 |a Civilization, Medieval. 
650 0 0 |a Civilization, Modern. 
700 1 |a Hyslop, Stephen G. 
710 2 |a National Geographic Society (U.S.) 
852 |a INST  |b CHIOS  |e 20061222  |h 909 DAN  |p 005200023377  |q 005200023377  |t BK  |y 0  |z τ.3 
852 |a INST  |b CHIOS  |e 20061222  |h 909 DAN  |p 005200024072  |q 005200024072  |t BK  |y 0  |z τ.1 
852 |a INST  |b CHIOS  |e 20061222  |h 909 DAN  |p 005200029198  |q 005200029198  |t BK  |y 0  |z τ.2 
852 |a INST  |b CHIOS  |e 20061222  |h 909 DAN  |p 005200023377  |q 005200023377  |t BK  |v τ.3:  |y 0  |z τ.3 
852 |a INST  |b CHIOS  |e 20061222  |h 909 DAN  |p 005200024072  |q 005200024072  |t BK  |v τ.1:  |y 0  |z τ.1 
852 |a INST  |b CHIOS  |e 20061222  |h 909 DAN  |p 005200029198  |q 005200029198  |t BK  |v τ.2:  |y 0  |z τ.2 
852 |a INST  |b RHODES  |e 20191216  |h 909 DAN  |p 005400041345  |q 005400041345  |t BK  |v τ.1:  |y 0 
852 |a INST  |b RHODES  |e 20191216  |h 909 DAN  |p 005400041346  |q 005400041346  |t BK  |v τ.2:  |y 0 
852 |a INST  |b SAMOS  |e 20070511  |h 909 DAN  |p 005300026003  |q 005300026003  |t BK  |y 0  |z τ.1 
852 |a INST  |b SAMOS  |e 20070511  |h 909 DAN  |p 005300026004  |q 005300026004  |t BK  |y 0  |z τ.2 
852 |a INST  |b SAMOS  |e 20070511  |h 909 DAN  |p 005300026005  |q 005300026005  |t BK  |y 0  |z τ.3 
852 |a INST  |b SAMOS  |e 20070511  |h 909 DAN  |p 005300026003  |q 005300026003  |t BK  |v τ.1:  |y 0  |z τ.1 
852 |a INST  |b SAMOS  |e 20070511  |h 909 DAN  |p 005300026004  |q 005300026004  |t BK  |v τ.2:  |y 0  |z τ.2 
852 |a INST  |b SAMOS  |e 20070511  |h 909 DAN  |p 005300026005  |q 005300026005  |t BK  |v τ.3:  |y 0  |z τ.3 
853 |a INST  |b CHIOS  |h 909 DAN 
853 |a INST  |b RHODES  |h 909 DAN 
853 |a INST  |b SAMOS  |h 909 DAN 
901 |a BIBL3-2007-2 
901 |a BIBL2-2006-3 
909 |a Σ  |b 124946 
909 |a Σ  |b 124945 
909 |a Σ  |b 124944 
909 |a Χ  |b 130802 
970 |a Ατσάλη  |b Δέσποινα  |z 2006/12/14